000
00295nam a22001217a 4500
020
_a
NA
082
_2
22
_a
621.3819
100
_a
Salivahanan, S. and Arivazhangan, S.
245
_a
Digital circuits and design /
260
_b
Vikas Publishing,
_c
c2005.
300
_a
0
_b
ill. ;
942
_2
ddc
_c
EE
_0
1
999
_c
3993
_d
3993